000 00425nam a2200181Ia 4500
001 18128
005 20260306171607.0
008 260306s9999||||xx |||||||||||||| ||und||
041 _aESP
082 _a658.4012
_bD95
100 _aDrucker, Peter F.
_eAUT
245 0 _aEl ejecutivo eficaz en acción
260 _c2007
300 _a200 páginas :
_ccm.
650 _aGEN
654 _aCAN
942 _cLIB
_dJUS
_fJUS
_2ddc
_n
999 _c18128
_d18128